Biện pháp quản lý chất lượng dạy học ở các trường tiểu học huyện Thăng Bình tỉnh Quảng Nam

Trên cơ sở nghiên cứu lý luận và khảo sát, phân tích, đánh giá thực trạng quản lý chất lượng dạy học, đề xuất các biện pháp quản lý chất lượng dạy học nhằm góp phần đảm bảo và nâng cao chất lượng dạy học ở các Trường Tiểu học huyện Thăng Bình, tỉnh Quảng Nam....

Полное описание

Сохранить в:
Библиографические подробности
Главный автор: Nguyễn Trường Quyền
Другие авторы: Nguyễn Quang Giao PGS.TS. (Hướng dẫn)
Формат:
Язык:Vietnamese
Опубликовано: Đà Nẵng Trường Đại học sư phạm Đà Nẵng 2017
Предметы:
Метки: Добавить метку
Нет меток, Требуется 1-ая метка записи!
Thư viện lưu trữ: Mạng thư viện Đại học Đà Nẵng
LEADER 01888nam a2200349 4500
001 000025042
003 21533
005 20170419160456.0
008 170417s2017 viesd
041 |a vie 
082 1 4 |a 372.112  |b NG-Q 
100 1 |a Nguyễn Trường Quyền 
245 1 |a Biện pháp quản lý chất lượng dạy học ở các trường tiểu học huyện Thăng Bình tỉnh Quảng Nam  |c Nguyễn Trường Quyền ; Nguyễn Quang Giao hướng dẫn.  |k Luận văn Thạc sĩ 
260 |a Đà Nẵng  |b Trường Đại học sư phạm Đà Nẵng  |c 2017 
300 |a 101 tr., phụ lục 9 tr.  |c 29 cm.  |e Tóm tắt 
500 |a Luận văn thạc sĩ Giáo dục học. Chuyên ngành: Quản lý giáo dục. Mã số: 60.14.01.14 
520 3 |a Trên cơ sở nghiên cứu lý luận và khảo sát, phân tích, đánh giá thực trạng quản lý chất lượng dạy học, đề xuất các biện pháp quản lý chất lượng dạy học nhằm góp phần đảm bảo và nâng cao chất lượng dạy học ở các Trường Tiểu học huyện Thăng Bình, tỉnh Quảng Nam. 
650 0 4 |a Giáo dục tiểu học  |v Luận văn tốt nghiệp  |x Giảng dạy  |z Quảng Nam 
653 |a Quản lý giáo dục 
653 |a Giáo dục tiểu học 
653 |a Chất lượng dạy học 
700 1 |a Nguyễn Quang Giao  |c PGS.TS.  |e Hướng dẫn 
OWN |a LSP 
AVA |a UDN50  |b LSP  |d 372.112 NG-Q  |e available  |t Error 5001 Not defined in file expand_doc_bib_avail.  |f 1  |g 0  |h N  |i 0  |k 1 
999 |a From the UDN01 
AVA |a UDN50  |b LSP  |d 372.112 NG-Q  |e available  |t Error 5001 Not defined in file expand_doc_bib_avail.  |f 1  |g 0  |h N  |i 0  |k 1 
TYP |a Monograph 
TYP |a Printed language 
980 |a Mạng thư viện Đại học Đà Nẵng